[Event "Opera Euro Rapid Prelims 2021"]
[Site "Online"]
[Date "2021.02.03"]
[Round "6.1"]
[White "Dubov, Daniil"]
[Black "Nakamura, Hikaru"]
[Result "1/2-1/2"]
[WhiteElo "2710"]
[BlackElo "2736"]
[Annotator "TA"]
[PlyCount "80"]
[EventDate "2021.02.02"]
[EventType "tourn"]
[EventCountry "NET"]
[Tiebreak "Koya+Number of black wins+Number of wins"]
[SourceTitle "playchess.com"]
[Source "ChessBase"]
[SourceQuality "1"]

{[%evp 21,80,7,13,12,11,2,18,18,28,24,24,7,27,30,26,0,9,0,0,7,8,0,0,-6,0,-12,0,
-35,-19,-10,-10,-6,-6,-15,0,0,0,0,0,0,0,0,0,-26,-26,-26,-26,-26,-26,-26,0,0,6,
6,6,6,6,6,7,0,5]} 1. d4 Nf6 2. c4 e6 3. Nf3 d5 4. g3 Be7 5. Bg2 O-O 6. O-O dxc4
7. Qc2 a6 8. a4 Bd7 9. Qxc4 Bc6 10. Bg5 Nbd7 11. Nc3 h6 12. Bxf6 {E05: Open
Catalan: 5 Nf3 Be7.} Nxf6 13. Rfd1 $1 {[%mdl 4] is recently more successful
than 13.b4.} Bd6 $5 {[%mdl 4] Leaves trodden paths.} 14. Ne5 Bxg2 15. Kxg2 Qe7
16. Nf3 Bb4 17. Na2 Bd6 18. Rac1 a5 19. Re1 c6 20. Nc3 Bb4 21. e4 Rfd8 22. Qe2
c5 23. dxc5 Rac8 24. e5 Bxc3 25. Rxc3 Nd5 26. Rc4 Rxc5 27. Rec1 Rdc8 28. b3 Nb6
29. Rxc5 Rxc5 30. Rxc5 Qxc5 31. Qe4 Nd5 32. Nd2 Qc3 33. Nc4 Qxb3 34. Nxa5 Qb6
35. Nc4 Qc7 (35... Qc6 {is interesting.} 36. Nd2 g6 37. Nf3 Qc3 38. Qh4 Kh7)
36. Nd6 {The position is equal.} Nc3 37. Qxb7 Qxb7+ 38. Nxb7 {[#] Black must
now prevent a5.} Nxa4 39. Kf3 Kf8 40. Ke4 Nc3+ {A rather calm draw. Accuracy:
White = 92%, Black = 96%.} 1/2-1/2

[Event "Opera Euro Rapid Prelims 2021"]
[Site "Online"]
[Date "2021.02.03"]
[Round "6.2"]
[White "Vidit, Santosh Gujrathi"]
[Black "Nepomniachtchi, Ian"]
[Result "1/2-1/2"]
[WhiteElo "2726"]
[BlackElo "2789"]
[Annotator "TA"]
[PlyCount "174"]
[EventDate "2021.02.02"]
[EventType "tourn"]
[EventCountry "NET"]
[Tiebreak "Koya+Number of black wins+Number of wins"]
[SourceTitle "playchess.com"]
[Source "ChessBase"]
[SourceQuality "1"]

{[%evp 22,174,17,5,20,0,0,0,14,20,58,18,47,30,59,34,39,27,22,-23,-17,-16,0,0,0,
0,0,0,0,-7,0,-5,-2,-2,0,0,0,-6,0,0,8,0,9,8,11,0,0,0,69,74,343,335,328,328,312,
251,274,212,212,41,49,16,71,0,0,0,0,0,0,0,0,0,0,0,0,0,0,0,0,0,0,0,0,0,0,0,0,0,
0,0,0,0,0,0,0,0,0,0,0,0,0,0,0,0,0,0,0,0,0,0,0,0,0,0,0,0,0,0,0,0,0,0,0,0,0,0,0,
0,0,0,0,0,0,0,0,0,0,0,0,0,0,0,0,0,0,0,0,0,0,0,0,0,0,0,0]} 1. Nf3 c5 2. c4 Nf6
3. Nc3 d5 4. cxd5 Nxd5 5. e3 e6 6. d4 Nc6 7. Bd3 Be7 8. a3 cxd4 9. exd4 O-O 10.
O-O b6 11. Qc2 Nf6 12. Rd1 $1 {[%mdl 4] Threatening d5! 12.Rd1 is the recent
fashion.} h6 {[#] D42: Queen's Gambit Declined: Semi-Tarrasch: 5 cxd5 Nxd5 6
e3 Nc6 7 Bd3 .} 13. Be4 $146 ({Predecessor:} 13. d5 exd5 14. Nxd5 Nxd5 15. Qxc6
Be6 16. Qa4 Qc7 17. Bd2 Rad8 18. Rac1 Qb7 19. Qe4 g6 20. Bxh6 {1-0 (32)
Radjabov,T (2765)-Nepomniachtchi,I (2784) chess24.com INT 2020}) 13... Nxe4 14.
Qxe4 Qe8 15. Re1 Bd7 16. d5 exd5 17. Nxd5 Bd6 18. Qh4 Qd8 {[%cal Rd8h4]} 19.
Qh5 {And now Bxh6! would win.} Be6 20. Rd1 Bxd5 21. Qxd5 {[%mdl 64] Double
Attack} Bc5 22. b4 Qxd5 23. Rxd5 Rad8 24. Rxd8 Rxd8 25. Bf4 (25. Kf1 {with
more complications.} Bd6 26. Bb2 f6 27. g3 Bb8 28. Rc1) 25... Bd4 26. Nxd4 Nxd4
$11 {[%mdl 4096] Endgame KRB-KRN} 27. Kf1 g5 28. Bc7 Re8 29. g4 Nc2 30. Ra2 {
[%cal Ra2c2]} Re1+ 31. Kg2 Re2 {Threatens to win with ...Ne1+.} 32. Kg3 b5 33.
Bb8 a6 34. Ba7 Kh7 (34... Rd2 $11) 35. Be3 $1 $14 Kg6 $2 {[%mdl 8192] [#]} (
35... Nd4 $16 36. Rxe2 Nxe2+ 37. Kf3 Nc3) 36. Rb2 $1 $18 Rxe3+ 37. fxe3 Nxe3 {
KR-KN} 38. h3 h5 39. Kf3 Nc4 40. Ra2 (40. Re2 $18) 40... hxg4+ $14 41. hxg4 {
Strongly threatening Ke4.} f5 {[#]} 42. gxf5+ ({White should try} 42. a4 $1 $16
{[%cal Ra4b5]}) 42... Kxf5 $11 {The position is equal.} 43. a4 Ke5 44. axb5
axb5 45. Rg2 Kf5 46. Re2 g4+ 47. Kg3 Ne5 48. Rd2 Ke4 49. Rd6 Nd3 50. Rb6 Nxb4
51. Rxb5 Nd5 52. Kxg4 (52. Rb7 {is interesting.} Ne3 53. Re7+ Kd4 54. Rf7 Nd5
55. Rf8) 52... Ne3+ 53. Kg5 Nd5 54. Rb8 Ke5 55. Rd8 Ke4 56. Re8+ Kd4 57. Kf5
Ne3+ 58. Kf4 Nd5+ 59. Kf3 Nc3 60. Rd8+ Nd5 61. Rd7 Ke5 62. Rh7 Kd4 63. Rh5 Nc3
64. Rh8 Nd5 65. Rd8 Ke5 66. Ke2 Ke4 67. Re8+ Kd4 68. Kf3 Nc3 69. Re1 Nd5 70.
Rd1+ Ke5 71. Rd2 Nf4 72. Ra2 Nd5 73. Ra4 Nc3 74. Rc4 Nd5 75. Re4+ Kd6 76. Rh4
Ke5 77. Ke2 Nf4+ 78. Kd2 Nd5 79. Ra4 Nf4 80. Ke3 {White threatens Re4+ and
mate.} Nd5+ 81. Kf3 Nf6 82. Ra5+ Nd5 83. Rb5 Kd4 84. Rb8 Ke5 85. Re8+ Kd4 86.
Rd8 Ke5 87. Rxd5+ Kxd5 {Black escapes into a draw.  Weighted Error Value:
White=0.15/Black=0.12} 1/2-1/2

[Event "Opera Euro Rapid Prelims 2021"]
[Site "Online"]
[Date "2021.02.03"]
[Round "6.3"]
[White "Radjabov, Teimour"]
[Black "Giri, Anish"]
[Result "1/2-1/2"]
[WhiteElo "2765"]
[BlackElo "2764"]
[Annotator "TA"]
[PlyCount "80"]
[EventDate "2021.02.02"]
[EventType "tourn"]
[EventCountry "NET"]
[Tiebreak "Koya+Number of black wins+Number of wins"]
[SourceTitle "playchess.com"]
[Source "ChessBase"]
[SourceQuality "1"]

{[%evp 20,80,29,25,12,0,0,0,0,0,0,0,0,0,3,0,0,0,0,0,0,0,0,0,17,6,11,3,4,3,4,3,
3,3,3,4,11,0,11,0,0,0,0,0,0,0,7,6,7,7,7,7,7,7,7,7,7,0,7,0,7,0,12]} 1. d4 Nf6 2.
c4 e6 3. Nf3 d5 4. Nc3 Bb4 5. Bg5 h6 6. Bxf6 Qxf6 7. e3 O-O 8. Rc1 dxc4 9. Bxc4
c5 10. O-O cxd4 11. Nxd4 Bd7 {D38: Queen's Gambit Declined: Ragozin Defence (4
Nf3 Bb4).} 12. Qb3 {The position is equal.} (12. Ne4 {seems wilder.} Qe5 13.
Be2 Rd8 14. Qb3 a5 15. Nc3) 12... Nc6 13. Nxc6 Bxc3 14. Qxc3 {[#] Ne5 is the
strong threat.} Bxc6 15. Qxf6 gxf6 16. Rfd1 Rfd8 17. f3 f5 18. Kf2 Kg7 19. Ke1
Kf6 20. Rxd8 Rxd8 $11 {[%mdl 4096] [#] Endgame KRB-KRB} 21. Be2 $146 ({
Predecessor:} 21. b4 a6 22. Be2 Rg8 23. Kf2 Rd8 24. Ke1 Rg8 25. Kf1 Rd8 26. Ke1
Rg8 27. Kf2 Rd8 28. Rd1 Rc8 29. Rc1 Rd8 30. Rd1 Rc8 31. Rc1 Rd8 32. Rd1 Rc8 {
1/2-1/2 (32) Rotaru,I (2261)-Stojanovic,N ICCF email 2018}) 21... Rd6 22. Rd1 (
22. a3 {is interesting.} Rd5 23. b4 Re5 24. Kf2 Rd5 25. Rd1) 22... Rxd1+ 23.
Kxd1 {KB-KB} e5 24. Kd2 f4 25. Bd3 b6 26. Ke2 Bd5 27. a3 Ke6 28. Kf2 Kf6 29. g3
fxg3+ 30. Kxg3 Kg5 31. h4+ Kf6 32. f4 Be6 33. Kf3 exf4 34. Kxf4 Ke7 35. Ke5 f6+
36. Kd4 Kd6 37. Be2 Bd7 38. Bd3 Be6 39. Be2 Bd7 40. Bd3 Be6 {An uneventful
encounter.  Weighted Error Value: White=0.03/Black=0.02} 1/2-1/2

[Event "Opera Euro Rapid Prelims 2021"]
[Site "Online"]
[Date "2021.02.03"]
[Round "6.4"]
[White "Ding, Liren"]
[Black "Grischuk, Alexander"]
[Result "0-1"]
[WhiteElo "2791"]
[BlackElo "2777"]
[Annotator "TA"]
[PlyCount "147"]
[EventDate "2021.02.02"]
[EventType "tourn"]
[EventCountry "NET"]
[Tiebreak "Koya+Number of black wins+Number of wins"]
[SourceTitle "playchess.com"]
[Source "ChessBase"]
[SourceQuality "1"]

{[%evp 16,147,24,15,14,0,8,14,11,22,14,18,9,5,9,4,41,-12,-10,-18,-2,-11,-16,
-47,0,0,0,0,0,-41,0,0,0,0,0,0,0,4,64,64,64,64,64,64,64,64,75,0,0,0,0,0,0,0,0,0,
0,0,279,285,670,670,616,390,413,397,435,336,375,365,344,251,252,250,476,505,
476,460,548,537,535,536,507,447,412,132,147,67,531,501,491,449,381,249,200,136,
100,-5222,195,118,95,0,0,0,0,0,0,0,0,0,0,0,0,0,0,0,0,0,0,0,0,-12844,-12844,
-12845,-12845,-12849,-12849,-12850,-12846,-12846,-12847,-12847,-12847,-12850]} 
1. c4 c5 2. g3 g6 3. Bg2 Bg7 4. Nc3 Nc6 5. Rb1 e6 6. a3 Nge7 7. b4 d6 8. Nf3
O-O 9. O-O b6 {A36: Symmetrical English vs ...g6: 4 Bg2 Bg7.} 10. e3 Bb7 11.
Qb3 Qd7 {The position is equal.} 12. Bb2 Ne5 $5 {[%mdl 4] A promising side
line.} 13. Nxe5 Bxe5 14. Bxb7 Qxb7 {[#]} 15. d3 $146 ({Predecessor:} 15. Nb5
Bxb2 16. Qxb2 Rfd8 17. Qf6 Rac8 18. d3 a6 19. Nc3 cxb4 20. axb4 b5 21. cxb5
axb5 {1/2-1/2 (39) Eljanov,P (2718)-Dominguez Perez,L (2746) Havana 2015})
15... Nc6 16. b5 (16. f4 $14 Bxc3 17. Bxc3 (17. Qxc3 f6 $11)) 16... Na5 $11 17.
Qa2 Rad8 18. Ne4 f5 19. Ng5 Qe7 (19... Rfe8 {looks sharper.} 20. f4 Bxb2 21.
Rxb2 h6 22. Nf3 e5) 20. Bxe5 dxe5 21. Nf3 Qf6 22. Qc2 Rd6 23. Qc3 e4 24. Qxf6
Rxf6 25. dxe4 Rf8 26. Rfc1 h6 (26... fxe4 $11 27. Ng5 Rd3) 27. exf5 $14 exf5
28. Kf1 Rfd8 29. Ke2 Kg7 30. Rc2 g5 31. h4 (31. Ne5 $16) 31... g4 $11 32. Ne1
Kf7 33. a4 R8d7 34. Ng2 Rd3 35. Ra1 Rb3 36. Nf4 Rb4 $2 {[%mdl 8192]} (36... Rd6
$11 {and Black is okay.}) 37. Nd3 $18 Ke6 $2 (37... Rxd3 38. Kxd3 Ke6) 38. Nxb4
cxb4 {[%mdl 4096] Endgame KRR-KRN} 39. Rd1 Rc7 40. Rd4 Nb3 41. Rd5 Nc5 42. Rcd2
Ne4 43. R2d4 b3 44. Kd3 Nxf2+ $2 (44... b2 45. Kc2 b1=Q+ {[%mdl 64] Decoy} 46.
Kxb1 Nc3+ 47. Kb2 Nxd5 48. cxd5+ Kd6) 45. Kc3 Ne4+ 46. Kxb3 Nxg3 {intending ...
Ne4.} 47. Rd6+ Ke5 48. Rxh6 Re7 {and the idea ...Nf1 leaves Black hopeful.} 49.
h5 Nf1 50. Rd5+ $2 (50. Kc3 $18 Nxe3 51. Rg6) 50... Ke4 $16 51. Rdd6 (51. a5
$16) 51... Ke5 $2 {[%mdl 8192]} ({Black should try} 51... Kf3 $1 $14) 52. Rhg6
$18 Nxe3 53. h6 $1 g3 54. Rd3 Kf4 55. Rg7 g2 56. Rd2 $2 {[%mdl 8192]} (56. Rxe7
$16 g1=Q 57. Rdxe3 Qd1+ 58. Kc3 Qc1+ 59. Kb3 Qd1+ 60. Kc3 Qc1+ 61. Kd3) 56...
Re6 $4 {[%mdl 8192]} (56... Rxg7 $19 57. Rxg2 Rxg2) 57. Rf2+ (57. h7 $18 Rh6
58. a5) 57... Ke4 $16 58. Rfxg2 (58. h7 $1 $16 {[%cal Rh7h8]} Rh6 59. Re7+ Kd3
60. Rxg2 Nxg2 61. Rxa7) 58... Nxg2 $11 59. Rxg2 {Re2+ would kill now.} Rxh6 $16
{KR-KR} 60. Rg7 f4 {Hoping for ...f3.} 61. Rxa7 Rf6 62. Kc3 (62. Re7+ {is
interesting.} Kd4 63. Rd7+ Ke3 64. a5 f3 65. axb6 f2 66. b7) 62... f3 63. Re7+
Kf4 {Threatens to win with ...f2.} 64. Re1 f2 65. Rf1 Ke3 {Strongly
threatening ...Rf3.} 66. c5 $1 {Black must now prevent Rxf2!} bxc5 {aiming for
...Rf4.} 67. a5 Rf4 $1 {[%cal Rf4b4]} ({Don't go for} 67... Ke2 $2 68. Rxf2+ $3
{[%mdl 512]} Rxf2 69. b6 $18) 68. Ra1 $2 {[%mdl 8192] [#]} (68. b6 $11 Rb4 69.
Ra1) 68... Ra4 $3 $19 {[%cal Ra4a1][%mdl 512] Black is clearly winning.} 69.
Rh1 (69. Rc1 Rxa5) 69... Rb4 70. Ra1 Rxb5 71. a6 Rb8 72. Kc4 Ra8 73. Kb5 c4 74.
Rb1 {Both players deserved the win here.  Weighted Error Value: White=0.40/
Black=0.60} 0-1

[Event "Opera Euro Rapid Prelims 2021"]
[Site "Online"]
[Date "2021.02.03"]
[Round "6.5"]
[White "Carlsen, Magnus"]
[Black "Duda, Jan-Krzysztof"]
[Result "1/2-1/2"]
[WhiteElo "2862"]
[BlackElo "2743"]
[Annotator "TA"]
[PlyCount "74"]
[EventDate "2021.02.02"]
[EventType "tourn"]
[EventCountry "NET"]
[Tiebreak "Koya+Number of black wins+Number of wins"]
[SourceTitle "playchess.com"]
[Source "ChessBase"]
[SourceQuality "1"]

{[%evp 12,74,34,9,10,0,0,0,7,0,0,0,0,0,6,0,43,26,43,32,28,0,4,4,6,6,6,6,4,6,4,
7,4,14,8,4,6,6,12,4,4,0,0,0,26,-13,-9,-20,0,0,0,0,0,0,0,0,0,0,0,0,0,0,0,0,0]} 
1. c4 e6 2. Nc3 Nf6 3. e4 d5 4. cxd5 exd5 5. e5 d4 6. exf6 dxc3 7. Qe2+ Be6 {
A18: English Opening: Flohr-Mikenas System (1 c4 Nf6 2 Nc3 e6 3 e4).} 8. dxc3
Qxf6 9. Nf3 Nd7 10. g3 Bc5 {[#]} 11. Bg2 $146 ({Predecessor:} 11. Ng5 O-O 12.
Nxe6 fxe6 13. Be3 Bxe3 14. Qxe3 Qe5 15. Qxe5 Nxe5 16. f4 Ng6 17. Bc4 {1/2-1/2 
(35) Brodsky,I (2348)-Saydaliev,S (2255) Moscow 2016}) 11... O-O 12. O-O Bd5
13. Re1 c6 14. Bf4 h6 15. Rad1 Rfd8 16. Ne5 (16. Nd2 {with more complications.}
g5 17. Bxd5 cxd5 18. Qg4 Qg6 19. Bc7) 16... Nxe5 17. Bxe5 Qe6 18. Bxd5 Rxd5 19.
Rxd5 Qxd5 20. c4 Qe6 21. Qd3 Re8 22. Bc3 Qc8 23. Rxe8+ Qxe8 24. Kg2 a6 25. h4
Qe6 26. b4 Be7 27. a4 Qg6 28. Qe2 (28. Qxg6 {looks sharper.} fxg6 29. Kf3 g5
30. h5 Kf7 31. Ke4) 28... Bxh4 {The position is equal.} 29. b5 Bf6 30. Bxf6
Qxf6 31. bxa6 bxa6 $11 {[%mdl 4096] Endgame KQ-KQ} 32. c5 Qe6 33. Qxa6 Qd5+ 34.
Kg1 Qd1+ 35. Kg2 Qd5+ 36. Kg1 Qd1+ 37. Kg2 Qd5+ {Weighted Error Value: White=0.
04/Black=0.05} 1/2-1/2

[Event "Opera Euro Rapid Prelims 2021"]
[Site "Online"]
[Date "2021.02.03"]
[Round "6.6"]
[White "Vachier-Lagrave, Maxime"]
[Black "Dominguez Perez, Leinier"]
[Result "1-0"]
[WhiteElo "2784"]
[BlackElo "2758"]
[Annotator "TA"]
[PlyCount "105"]
[EventDate "2021.02.02"]
[EventType "tourn"]
[EventCountry "NET"]
[Tiebreak "Koya+Number of black wins+Number of wins"]
[SourceTitle "playchess.com"]
[Source "ChessBase"]
[SourceQuality "1"]

{[%evp 33,105,31,38,9,10,6,0,0,0,14,12,14,21,12,41,30,21,6,59,21,11,11,26,19,
25,18,22,22,18,23,25,27,43,43,41,35,51,59,59,80,82,85,114,109,114,114,143,139,
1095,1109,1017,1109,1077,1044,992,958,735,733,29971,29973,29976,29976,29977,
29978,29977,29973,29979,29980,29982,29983,29984,29985,29985,29986]} 1. e4 c5 2.
Nf3 e6 3. d4 cxd4 4. Nxd4 Nf6 5. Nc3 Nc6 6. Nxc6 bxc6 7. e5 Nd5 8. Ne4 Qc7 9.
f4 Qb6 10. c4 Bb4+ 11. Ke2 f5 12. Nf2 Ba6 13. Kf3 Ne7 14. Be3 Bc5 15. Bxc5 Qxc5
16. Qd6 Qb6 17. b3 c5 {[#]} 18. h4 $1 $146 {[%mdl 8] A top novelty. B45:
Sicilian Four Knights.} ({Predecessor:} 18. Rd1 Bb7+ 19. Ke3 Qxd6 20. exd6 Ng6
21. h4 h5 22. Be2 Bxg2 23. Rhg1 Nxh4 24. Nd3 g5 25. fxg5 O-O 26. Kf2 Bc6 {
1/2-1/2 (34) Jakovenko,D (2698)-Mamedyarov,S (2772) Jerusalem 2019}) 18... Bb7+
19. Ke3 Nc8 20. Qxb6 {The position is equal.} axb6 21. Be2 d5 22. exd6 Nxd6 23.
a4 O-O 24. Rhd1 Rfd8 25. g3 Kf8 (25... e5 $11) 26. Nd3 {Threatens to win with
a5!} (26. a5 $5) 26... Be4 27. Ne5 Ke8 28. g4 Nf7 29. Nxf7 Kxf7 30. Rxd8 Rxd8
$11 {[%mdl 4096] Endgame KRB-KRB} 31. a5 bxa5 32. Rxa5 Rb8 33. Rb5 Rc8 34. g5
Rc7 35. b4 cxb4 36. Rxb4 Ke7 37. Ra4 Rb7 38. c5 Bc6 39. Ra6 Bd5 40. Rb6 Rxb6 $4
{[%mdl 8192] [#] A mistake that costs the game.} (40... Ra7 $16) 41. cxb6 $16 {
KB-KB} Kd6 42. Kd4 Kc6 43. Ke5 Kxb6 44. Kd6 Bb3 45. h5 h6 46. g6 {White mates.}
Bd5 47. Ke7 Kc5 48. Kf8 Kd4 49. Kxg7 e5 50. Kxh6 exf4 51. Kg5 {[%mdl 64]
Double Attack} f3 {[#]} 52. Bxf3 $1 {[%mdl 576] Promotion} Bxf3 53. h6 {
Weighted Error Value: White=0.03/Black=0.32} 1-0

[Event "Opera Euro Rapid Prelims 2021"]
[Site "Online"]
[Date "2021.02.03"]
[Round "6.7"]
[White "So, Wesley"]
[Black "Shankland, Sam"]
[Result "1-0"]
[WhiteElo "2770"]
[BlackElo "2691"]
[Annotator "TA"]
[PlyCount "49"]
[EventDate "2021.02.02"]
[EventType "tourn"]
[EventCountry "NET"]
[Tiebreak "Koya+Number of black wins+Number of wins"]
[SourceTitle "playchess.com"]
[Source "ChessBase"]
[SourceQuality "1"]

{[%evp 9,49,8,8,6,9,9,0,7,0,6,11,11,14,0,0,0,0,0,14,0,12,-30,0,0,0,0,0,0,0,0,
31,13,85,91,119,121,135,99,118,109,880,856]} 1. c4 c6 2. Nf3 d5 3. d4 Nf6 4. g3
Bf5 5. Nc3 e6 6. Nh4 {D11: Slav Defence: 3 Nf3 sidelines and 3...Nf6 4 e3 Bg4.}
dxc4 7. Nxf5 exf5 8. e3 {The position is equal.} Nbd7 9. Bxc4 {Threatens to
win with Qb3!} Nb6 10. Bb3 Qd7 11. Qf3 {[#]} Bd6 $146 ({Predecessor:} 11...
Nbd5 12. Nxd5 cxd5 13. Bd2 Be7 14. O-O O-O 15. Rfc1 Rac8 16. Kg2 g6 17. Qe2 a6
{1-0 (78) Lenderman,A (2640)-Krush,I (2422) Philadelphia 2019}) 12. Bd2 O-O 13.
h3 Bb4 14. Bc2 g6 15. O-O-O {[%cal Ba1d1,Bd1d2,Bd2c2][%mdl 32]} Nfd5 (15...
Bxc3 $5 16. Bxc3 Nbd5 $11) 16. Nxd5 Bxd2+ 17. Rxd2 {[#] Black must now prevent
Nf6+.} cxd5 18. Bd3 Rac8+ 19. Kb1 Nc4 20. Rc2 Rc6 {[#]} (20... Qb5 $11 21. Ka1
Qa5) 21. g4 $1 $16 Rfc8 22. gxf5 Qc7 {Hoping for ...Na3+.} 23. Ka1 Ne5 24. Rxc6
({But not} 24. dxe5 Rxc2 25. Bxc2 Qxc2 $11) 24... Qxc6 $4 {[%mdl 8192]} (24...
Nxf3 $16 25. Rxc7 Rxc7) 25. dxe5 {Accuracy: White = 89%, Black = 76%.} 1-0

[Event "Opera Euro Rapid Prelims 2021"]
[Site "Online"]
[Date "2021.02.03"]
[Round "6.8"]
[White "Aronian, Levon"]
[Black "Bluebaum, Matthias"]
[Result "0-1"]
[WhiteElo "2781"]
[BlackElo "2670"]
[Annotator "TA"]
[PlyCount "158"]
[EventDate "2021.02.02"]
[EventType "tourn"]
[EventCountry "NET"]
[Tiebreak "Koya+Number of black wins+Number of wins"]
[SourceTitle "playchess.com"]
[Source "ChessBase"]
[SourceQuality "1"]

{[%evp 13,158,0,18,18,24,16,24,6,12,0,0,0,0,0,0,-25,-22,-18,-14,-31,-16,-22,-6,
-29,-17,-50,-44,-46,-48,-38,-40,-64,-66,-61,-73,-46,-15,-20,18,26,36,30,26,-46,
-40,-154,-160,-134,-112,-129,-121,-98,-106,-212,-222,-209,-214,-196,-160,-127,
-67,-142,-137,-446,-445,-434,-435,-552,-517,-872,-850,-900,-842,-1472,-1353,
-2054,-1623,-2160,-2169,-2432,-2074,-2124,-2014,-2506,-1665,-2352,-2329,-1883,
-2017,-2203,-1872,-3141,-2556,-4133,-2341,-29969,-29970,-29959,-29948,-29948,
-29965,-29962,-29964,-29965,-29969,-29970,-29971,-29971,-29971,-29971,-29972,
-29973,-29974,-29976,-29977,-29978,-29977,-29980,-29977,-29978,-29976,-29976,
-29976,-29977,-29975,-29975,-29976,-29976,-29977,-29978,-29979,-29979,-29979,
-29979,0,-29979,-29979,-29979,-29980,-29980,-29981,-29981,-29981,-29981,-29982,
-29982,-29983]} 1. e4 e6 2. d4 d5 3. Nc3 Nf6 4. e5 Nfd7 5. f4 c5 6. Nf3 Nc6 7.
Be3 a6 8. Ne2 {C11: French: Classical System: 4 e5 and 4 Bg5 dxe4.} Qb6 9. Qc1
Be7 10. c3 {White has an edge.} O-O {[#]} 11. h4 $146 ({Predecessor:} 11. g3
cxd4 12. cxd4 f6 13. Bh3 fxe5 14. Bxe6+ Kh8 15. Bxd7 Bxd7 16. dxe5 d4 17. Nexd4
Nxd4 18. Bxd4 {1-0 (45) Motylev,A (2640)-Bluebaum,M (2644) Moscow 2019}) 11...
f6 12. h5 h6 13. Rh3 Qa5 (13... Rf7 {seems wilder.} 14. Rg3 Qa5 15. Qd2 cxd4
16. cxd4 Qxd2+ 17. Kxd2 Nb6) 14. Kf2 (14. Qc2 {looks sharper.} cxd4 15. Nexd4
fxe5 16. Nxc6 bxc6 17. fxe5 Qc7 18. Qg6) 14... cxd4 15. cxd4 fxe5 16. fxe5
Ndxe5 17. dxe5 Nxe5 18. Kg1 Ng4 19. Rg3 e5 20. Rxg4 {[%mdl 64] Remove Defender}
Bxg4 21. Nxe5 Bxh5 22. Nf4 {[#]} Rac8 $1 23. Qe1 Qxe1 24. Rxe1 Bb4 25. Rb1 d4
26. Bc1 Bf7 27. Nxf7 Rxf7 28. g3 (28. Nd3 $11 Bd6 29. Be2) 28... g5 $15 29. Nd5
(29. Nd3 $15 Bd6 30. Bh3) 29... Bd6 $36 {[%mdl 2048] Black is really pushing.}
30. b3 Rf3 {White must now prevent ...Rc2.} 31. Bg2 Rd3 32. Bb2 Rc2 33. Nf6+ (
33. Be4 $17 {was the only defense.} Rxg3+ 34. Kf1) 33... Kf7 $19 34. Ne4 Bxg3
35. Bxd4 Rxd4 36. Nxg3 Rxa2 (36... b5 $17 37. a3 Ra2 38. Rf1+ Ke6 39. Re1+ Kd7
40. Bh3+ Kc7) 37. Rf1+ {[#]} (37. Bxb7 $15 Rg4 38. Rf1+ Ke7 39. Rf3) 37... Rf4
$1 $17 {[%cal Rf4f1] ...Rxf1+ is the strong threat.} 38. Bxb7 $2 {[%mdl 8192]}
(38. Bd5+ $17 Kf8 39. Bxb7) 38... Rxf1+ $19 39. Kxf1 a5 40. Nf5 h5 41. Ng3 (41.
Bc6 $142 h4 42. Nd6+ Ke6 43. Ne4) 41... h4 42. Ne4 g4 43. Bc8 g3 44. Kg1 Kg6
45. Bh3 Rb2 46. Nc5 Kg5 47. Ne6+ Kf6 48. Nd4 Rf2 49. Nc6 Rh2 50. Bd7 Ra2 51.
Bh3 Kg5 52. Ne5 Rb2 53. Nf3+ Kf4 54. Nxh4 Rxb3 55. Bd7 Rb1+ 56. Kg2 Rb2+ 57.
Kg1 Ra2 58. Ng2+ Kg5 59. Ne3 a4 60. Nc4 Kf4 61. Bc6 a3 62. Nxa3 Rxa3 {[%mdl
4096] Endgame KR-KB} 63. Kg2 Ra2+ 64. Kg1 Rc2 65. Bd5 Rd2 66. Bb7 Ke5 67. Bc6
Rb2 68. Bf3 Ra2 69. Bc6 Kf4 70. Bd5 Rb2 71. Bc6 g2 72. Kh2 Ke3 73. Kg1 Kf4 74.
Kh2 $1 Rf2 {Black mates.} 75. Bd5 g1=Q+ 76. Kxg1 {[#]} Kg3 $1 77. Bg8 Rf6 78.
Bh7 Rf7 79. Bg8 Rg7 {Weighted Error Value: White=0.91/Black=0.17} 0-1